Interesting Latin Vocabulary (clickable) Quiz Stats

 Plays Quiz not verified by Sporcle

Score 0/33 Timer 07:00
0 Plays Today
% Correct
to sell
78%
beard
71.3%
cow
67.5%
poverty
65.5%
to clap
62%
to fear
61.7%
healthy
58%
lead
54.8%
little book
53.9%
to drink
50.6%
greatly
44.7%
curly
42.5%
near
41.9%
swift
40%
horrible
38.8%
pig
38.5%
bank (of a stream)
38.1%
% Correct
peacock
37.4%
to spare
33.4%
strawberries
32.6%
at a distance
32.1%
to stop
32%
dormouse
28.6%
to tire
26.3%
innkeeper
24.8%
pure
24%
mangled
23.8%
torch
23.7%
to triumph
20.8%
sturgeon
19.1%
to bestow
17.7%
to rub
17.6%
to speak
16.9%

You're not logged in!

Compare scores with friends on all Sporcle quizzes.
OR
Log In

Show Comments

Extras

Top Quizzes Today


Score Distribution

Your Account Isn't Verified!

In order to create a playlist on Sporcle, you need to verify the email address you used during registration. Go to your Sporcle Settings to finish the process.

Report this User

Report this user for behavior that violates our Community Guidelines.

Details: